000 01076nas a2200313 4500
001 BR0501579
003 BR-BrBNA
005 20231205105214.0
007 ta
008 230509b bl.|||p| |||| 00| 00por d
040 _aBR-BrBNA
_bpor
_cBiblioteca Nacional de Agricultura
041 _a(Pt)
072 _aS40; E14; E50
100 1 _aGonçalves, J.S.
100 1 _aSouza, S.A.M.
245 1 _aGestão de ações governamentais de combate à desnutrição infantil: poder de compra e formação de preços em uma década de distribuição de leite pelo governo paulista
650 _aLEITE
650 _aPROGRAMA DE NUTRIÇÃO
650 _aNUTRIÇÃO HUMANA
650 _aPOLÍTICA GOVERNAMENTAL
650 _aDEFICIÊNCIA NUTRICIONAL
650 _aPREÇO
650 _aSOCIOLOGIA ECONÔMICA
650 _aFOME ZERO
650 _aSÃO PAULO
773 0 _tInformações Econômicas - Instituto de Economia Agrícola (Brazil)
_xISSN 0100-4409
_g(Dec 2004), v. 34(12) p. 57-77
_wBR0501579
909 _a202311
_bLúcia
_c55
_dLúcia Elande
942 _2AGRIS
_n0
_cANA
999 _c181754
_d181754